000 00292nam a2200121Ia 4500
008 190802s9999 xx 000 0 und d
020 _a978-81-317-9540-8
100 _aFrank Woods
245 0 _aBusiness Accounting 2
260 _aNew Delhi
_bPearson
_c2013
300 _a825:p
942 _cBK
999 _c2086
_d2086